000 00461nam a22001817a 4500
003 CEME
005 20210628204107.0
008 210111b xxu||||| |||| 00| 0 eng d
020 _a9781406329100
040 _cceme
082 _a823.914 FIN
100 _aFinn, Mary
_968704
245 _aThe horse girl
260 _aGREAT BRITAIN
_bWALKER BOOKS
_c2011
300 _a390P
650 _aENGLISH LITERATURE-FICTION-THE HORSE GIRL.
_968705
942 _cBK
_2ddc
999 _c576196
_d576196